| 000 | 01551nam a2200385 i 4500 | ||
|---|---|---|---|
| 003 | EG-ScBUE | ||
| 005 | 20240218094952.0 | ||
| 008 | 090809s2017 ua ab f 000 0 ara d | ||
| 017 | _a2016 / 23855 | ||
| 020 | _a9789775217134 | ||
| 040 |
_aEG-ScBUE _bara _erda _cEG-ScBUE _dEG-ScBUE |
||
| 041 | 1 |
_aara _heng |
|
| 082 | 0 | 4 |
_a909 _bو ي ل _222 |
| 100 | 1 | 0 |
_aويلز، هـ. ج، _d1866-1946، _eمؤلف. |
| 240 | 1 | 0 |
_aShort history of the world. _lArabic |
| 245 | 1 | 0 |
_aموجز تاريخ العالم / _cتأليف هـ. ج. ويلز ؛ ترجمة عبد العزيز توفيق جاويد. |
| 250 | _aالطبعة الأولى. | ||
| 264 | 1 |
_aالقاهرة : _bأقلام عربية للنشر والتوزيع، _c2017. |
|
| 300 |
_a430 صفحة: _bإيضاحيات، خرائط ؛ _c24 سم |
||
| 336 |
_2rdacontent _atext _btxt |
||
| 337 |
_aunmediated _2rdamedia _bn |
||
| 338 |
_avolume _bnc _2rdacarrier |
||
| 541 | _aإهداء من ا. محمد فريد خميس. | ||
| 546 | _aالنص باللغة العربية ؛ مترجم من اللغة الإنجليزية. | ||
| 590 | _aWessam | ||
| 650 | 7 |
_aالعالم _xتاريخ. _98382 _2BUEsh |
|
| 650 | 7 |
_aالتاريخ الحديث _xتاريخ. _98383 _2BUEsh |
|
| 650 | 7 |
_aالعالم القديم _xتاريخ. _98384 _2BUEsh |
|
| 650 | 7 |
_aالعصور الوسطى _xتاريخ. _98385 _2BUEsh |
|
| 651 | _2BUEsh | ||
| 653 |
_bGGEN _cJune2017 |
||
| 655 | _vReading book | ||
| 700 | 1 |
_aجاويد، عبد العزيز توفيق، _eمترجم. _916656 |
|
| 942 |
_2ddc _cBB |
||
| 999 |
_c24946 _d24918 |
||